Stories From the Heart/ (Record no. 207669)

MARC details
000 -LEADER
fixed length control field 00609nam a22002057a 4500
005 - DATE AND TIME OF LATEST TRANSACTION
control field 20241213112854.0
010 ## - LCCN (DPL NO)
LC control number ENG-1422989
020 ## - INTERNATIONAL STANDARD BOOK NUMBER
International Standard Book Number 9788197775772
Terms of availability 150.00
035 ## - SYSTEM CONTROL NUMBER
System control number EN-126521
037 ## - SOURCE OF ACQUISITION
Source of stock number/acquisition DBAD
082 ## - DEWEY DECIMAL CLASSIFICATION NUMBER
Classification number S
100 ## - MAIN ENTRY--PERSONAL NAME
Personal name Caravella, Miriam
245 ## - TITLE STATEMENT
Title Stories From the Heart/
Statement of responsibility, etc By Miriam Caravella [and] Wayne Caravella
250 ## - EDITION STATEMENT
Edition statement 1
260 ## - PUBLICATION, DISTRIBUTION, ETC. (IMPRINT)
Place of publication, distribution, etc New Delhi
Name of publisher, distributor, etc Science of the Soul Research Center
Date of publication, distribution, etc 2024
270 ## - ADDRESS
City New Delhi
Postal code 110005
Address 5 Guru Ravi Dass Marg, Pusa Road,
300 ## - PHYSICAL DESCRIPTION
Extent 215p.
Dimensions 21cm.(Pb)
650 ## - SUBJECT ADDED ENTRY--TOPICAL TERM
Topical term or geographic name as entry element Vegetarian cookery
942 ## - ADDED ENTRY ELEMENTS (KOHA)
Source of classification or shelving scheme Dewey Decimal Classification
Item type English Books
Call number suffix CAR
Classification part S
Holdings
Withdrawn status Lost status Not for loan Collection code Home library Current library Date acquired Source of acquisition Cost, normal purchase price Full call number Barcode Copy number Cost, replacement price Koha item type
      Fiction Ashok Vihar Ashok Vihar 13/12/2024 Delivery of Books Division 150.00 CAR S EN-126521 1 150.00 English Books

© Delhi Public Library
Hit Counter
free hit counter